| 000 | 01429am a2200445a 44500 | ||
|---|---|---|---|
| 003 | AR-BaBNM | ||
| 005 | 20251128203257.0 | ||
| 008 | 027019s1966 #AR|||||||||||000 | spa|| | ||
| 040 | _cAR-BaBNM | ||
| 100 | 1 | _aHildreth, Gertrude | |
| 245 | 1 | 0 | _aSocialización y disciplina |
| 260 |
_aBuenos Aires _bPaidós _c1966 |
||
| 300 | _a86 p. | ||
| 490 | 0 |
_aBiblioteca del educador contemporáneo _vv. 41 |
|
| 504 | _aBibliografía: p. 83-86 | ||
| 650 | 4 | _aDISCIPLINA | |
| 650 | 4 | _aSOCIALIZACION | |
| 650 | 4 | _aDISCIPLINA ESCOLAR | |
| 650 | 4 | _aPSICOLOGIA DE LA EDUCACION | |
| 650 | 4 | _aDESARROLLO DEL NIÑO | |
| 650 | 4 | _aCONDUCTA INFANTIL | |
| 650 | 4 | _aLIDERAZGO | |
| 700 | 1 |
_aBernstein, Jaime _esupervisión |
|
| 700 | 1 |
_aBakwin, Harry _ecolaborador |
|
| 700 | 1 |
_aBakwin, Ruth Morris _ecolaborador |
|
| 700 | 1 |
_aBlatz, William E. _ecolaborador |
|
| 700 | 1 |
_aEliasberg, Wladimir G. _ecolaborador |
|
| 700 | 1 |
_aJastak, Joseph _ecolaborador |
|
| 700 | 1 |
_aMartin, Mabel Florence _ecolaborador |
|
| 700 | 1 |
_aMueller, A.D. _ecolaborador |
|
| 700 | 1 |
_aPartridge, E. De alton _ecolaborador |
|
| 700 | 1 |
_aSimpson, Ray H. _ecolaborador |
|
| 700 | 1 |
_aThorpe, Louis P. _ecolaborador |
|
| 700 | 1 |
_aWolf, Katherine María T. _ecolaborador |
|
| 700 | 1 |
_aGonzález, Clyde A.P. de _etraductor |
|
| 800 | 1 |
_aRomero Brest, Gilda Lamarque de _edirector |
|
| 800 | 1 |
_aBernstein, Jaime _edirector |
|
| 942 | _cBK | ||
| 998 | _csilvi | ||
| 999 |
_c2682 _d2682 |
||